| 000 | 01018nam0a22002291 4500 | ||
|---|---|---|---|
| 001 | rc\2636473 | ||
| 005 | 20250529184831.0 | ||
| 035 | _a(NLR Aleph) 006944739 | ||
| 090 |
_a5187543 _c5187543 |
||
| 100 | _a20110601d1932 |||y0rusy50 ca | ||
| 101 | 0 | _arus | |
| 102 | _aRU | ||
| 105 | _ay z ||||| | ||
| 200 | 1 |
_aАвтогенный работник _eЕжемесячный науч.-техн. и производ. журн. Г. 1-й _fОрган Укр. автогенного треста и УНИТО работников сварочного дела _gОтв. ред. Н.В. Гнедков |
|
| 210 |
_aХарьков _cОНТВУ, Машбудвидав _d1932 |
||
| 215 | _d30 см | ||
| 300 | _aПеречень имеющихся в библиотеке томов, номеров, годов этого издания смотри в каталоге периодических изданий | ||
| 801 | 0 |
_aRU _bNLR _gpsbo |
|
| 801 | 1 |
_aRU _bELAR _2rusmarc |
|
| 852 |
_aNLR _jП11/72 |
||
| 942 | _cBOOK | ||
| 980 | _aNB | ||